| 000 | 01075nam a2200301 i 4500 | ||
|---|---|---|---|
| 001 | 13612 | ||
| 003 | KOSZ 005 | ||
| 005 | 20220916112456.0 | ||
| 008 | 071107s1966 pl a f 000 0 pol | ||
| 015 | _aPB 1966/8544 | ||
| 035 | _a(OCoLC)839065171 | ||
| 040 |
_aWA N _cWA N _dKOSZ 005/KK |
||
| 080 | _a658.2/.5:338 | ||
| 100 | 1 |
_aJaruga, Alicja _d(1928-2011) _eAutor |
|
| 245 | 1 | 0 |
_aKoszty zarządzania przedsiębiorstw przemysłowych / _cAlicja Jarugowa. |
| 260 |
_aWarszawa : _bPaństwowe Wydawnictwo Ekonomiczne, _c1966. |
||
| 300 |
_a272 strony : _bilustracje; _c18 cm. |
||
| 336 |
_2rdacontent _aTekst _btxt |
||
| 337 |
_2rdamedia _aBez urządzenia pośredniczącego _bn |
||
| 338 |
_2rdacarrier _aWolumin _bnc |
||
| 380 | _aKsiążki. | ||
| 504 | _aBibliografia na stronach 262-268. | ||
| 658 | _aGospodarka, ekonomia, finanse | ||
| 650 | 4 | _aPrzemysł | |
| 710 | 2 |
_aPaństwowe Wydawnictwo Ekonomiczne _4pbl. |
|
| 856 |
_uhttp://koha.tu.koszalin.pl/cgi-bin/koha/opac-detail.pl?biblionumber=13612 _yKatalog online BPK |
||
| 942 |
_2UKD _cKS |
||
| 999 |
_c13612 _d13612 |
||